000
00352nam a2200157Ia 4500
008
230718s9999 xx 000 0 und d
041
_a
eng
082
_a
621.388
_b
DHA
100
_a
Dhake A.M.
245
_a
Television Engineering
260
_c
1979
_b
Tata McGraw Hill
300
_a
462
365
_c
Rs.
700
_a
Dhake A.M.
906
_c
ETC
999
_c
302923
_d
302923